Northern New England Counties by First & Last Letter Quiz Stats

Quiz not verified by Sporcle

Score 0/40 Timer 02:00
0 Plays Today
County % Correct
(A)roostoo(k)
85.2%
(W)ashingto(n), ME
85.2%
(W)ashingto(n), VT
85.2%
(E)sse(x)
77.8%
(B)enningto(n)
74.1%
(C)hittende(n)
74.1%
(C)oo(s)
74.1%
(F)rankli(n), ME
74.1%
(F)rankli(n), VT
74.1%
(P)enobsco(t)
70.4%
(W)indso(r)
70.4%
(C)umberlan(d)
66.7%
(L)incol(n)
66.7%
(P)iscataqui(s)
66.7%
(R)ockingha(m)
66.7%
(S)ulliva(n)
66.7%
(A)ddiso(n)
63%
(A)ndroscoggi(n)
63%
(G)rand Isl(e)
63%
(R)utlan(d)
63%
County % Correct
(Y)or(k)
63%
(B)elkna(p)
59.3%
(C)arrol(l)
59.3%
(C)heshir(e)
59.3%
(G)rafto(n)
59.3%
(K)ennebe(c)
59.3%
(S)agadaho(c)
59.3%
(H)illsboroug(h)
55.6%
(M)errimac(k)
55.6%
(K)no(x)
51.9%
(L)amoill(e)
51.9%
(O)rlean(s)
51.9%
(O)xfor(d)
51.9%
(S)omerse(t)
51.9%
(S)traffor(d)
51.9%
(W)ald(o)
51.9%
(W)indha(m)
51.9%
(H)ancoc(k)
44.4%
(O)rang(e)
44.4%
(C)aledoni(a)
37%

You're not logged in!

Compare scores with friends on all Sporcle quizzes.
Sign Up with Email
OR
Log In

You Might Also Like...

Show Comments

Extras

Top Quizzes Today


Score Distribution

Your Account Isn't Verified!

In order to create a playlist on Sporcle, you need to verify the email address you used during registration. Go to your Sporcle Settings to finish the process.

Report this User

Report this user for behavior that violates our Community Guidelines.

Details: